000
00293nam a22001217a 4500
008
180130b xxu||||| |||| 00| 0 eng d
041
_a
eng
080
_2
2nd
_a
616.073
100
_a
6
101
_a
GJEN
245
_a
Goldbert's genetic and metabolic eye disease
_c
Renie,W.A
942
_2
udc
_c
BK
999
_c
41306
_d
41306